| Tag |
First Indicator |
Second Indicator |
Subfields |
| LEADER |
00000cam a2200000 i 4500 |
| 001 |
in00000052457 |
| 005 |
20151007072056.0 |
| 008 |
750324s1937 enkf 00010beng d |
| 035 |
|
|
|a (OCoLC)01232932
|
| 035 |
|
|
|9 AAE7184AM
|
| 040 |
|
|
|a CWR
|c CWR
|d OCL
|d TXA
|d UtOrBLW
|
| 049 |
|
|
|a TXAM
|c [236156]
|
| 090 |
|
|
|a JC178.V2
|b P4 1937a
|
| 100 |
1 |
|
|a Pearson, Hesketh,
|d 1887-1964.
|
| 245 |
1 |
0 |
|a Tom Paine : friend of mankind :
|b a biography /
|c by Hesketh Pearson.
|
| 264 |
|
1 |
|a London :
|b Hamish Hamilton,
|c 1937.
|
| 300 |
|
|
|a 318 pages, 8 unnumbered leaves of plates.
|
| 336 |
|
|
|a text
|b txt
|2 rdacontent
|
| 337 |
|
|
|a unmediated
|b n
|2 rdamedia
|
| 338 |
|
|
|a volume
|b nc
|2 rdacarrier
|
| 600 |
1 |
0 |
|a Paine, Thomas,
|d 1737-1809.
|
| 999 |
|
|
|a MARS
|
| 999 |
f |
f |
|s 9322a936-9ce3-34eb-9956-8d6882e04cc2
|i adefff0e-8eeb-31fb-bfce-479d018b8ad4
|t 0
|
| 952 |
f |
f |
|p ric
|a Texas A&M University
|b Rellis Campus
|c Joint Library Facility
|d Remote Storage
|t 0
|e JC178.V2 P4 1937a
|h Library of Congress classification
|i unmediated -- volume
|m A14803072029
|
| 998 |
f |
f |
|a JC178.V2 P4 1937a
|t 0
|l Remote Storage
|